000 00915nam a22002537a 4500
001 80206
003 BD-RjUL
005 20220817143331.0
008 220817s2014 b ||||| |||| 00| 0 b d
020 _a9789847060088:
_ctk.600.00
035 _a(BD-RjUL)80206
040 _aBD-RjUL
_beng
_cBD-RjUL
041 _aben
082 _223
_a297
_bSAD 2014
100 _aসামাদ, মোঃ আবদুস
_94406
245 1 0 _aধর্ম ও সভ্যতা /
_cমোঃ আবদুস সামাদ
260 _aঢাকাঃ
_bসামাদ পাব,
_c২০১৪
300 _a৬৮৪ প.ঃ
_bছবি ;
_c২১ সেমি।
650 _aIslam -- 20th century.
_94407
650 _aধর্ম ও সভ্যতা ইসলাম
_yবিংশ শতাব্দী
_94408
650 _aIslam.
_v Apologetic works
_94409
650 _a ইসলাম
_94410
942 _2ddc
_cBK
999 _c80206
_d80206